Maese Rodrigo Fernández de Santaella (Record no. 155166)

MARC details
000 -LEADER
campo de control de longitud fija 00737nam a2200181 i 4500
001 - NÚMERO DE CONTROL
campo de control 155166
003 - IDENTIFICADOR DE NÚMERO DE CONTROL
campo de control ES-MaACL
005 - FECHA Y HORA DE LA ÚLTIMA TRANSACCIÓN
campo de control 20250804063428.0
008 - DATOS DE LONGITUD FIJA--INFORMACIÓN GENERAL
campo de control de longitud fija 991025s1900 sp |||| | spa d
040 ## - FUENTE DE CATALOGACIÓN
Centro catalogador/agencia de origen CCPB | B
Lengua de catalogación spa
Centro/agencia transcriptor CCPB | B
100 1# - ENTRADA PRINCIPAL--NOMBRE DE PERSONA
Nombre de persona Hazañas y La Rúa, Joaquín,
Fechas asociadas al nombre 1862-1934
9 (RLIN) 62227
245 10 - MENCIÓN DEL TÍTULO
Título Maese Rodrigo Fernández de Santaella
Resto del título : fundador de la Universidad de Sevilla /
Mención de responsabilidad, etc. por Joaquin Hazañas y la Rua.
260 ## - PUBLICACIÓN, DISTRIBUCIÓN, ETC.
Lugar de publicación, distribución, etc. Sevilla :
Nombre del editor, distribuidor, etc. [s.n.],
Fecha de publicación, distribución, etc. 1900 (
Fabricante Imprenta de Izquierdo y Compª.)
300 ## - DESCRIPCIÓN FÍSICA
Extensión 46 p. ;
Dimensiones 22 cm.
600 04 - PUNTO DE ACCESO ADICIONAL DE MATERIA--NOMBRE DE PERSONA
Nombre de persona Fernández de Santaella, Rodrigo.
9 (RLIN) 49712
852 ## - LOCALIZACIÓN
Ubicación ES-MaACL
Número de control de estantería T-1013-F-4
Nota libre -- Enc. hol. conservando la enc. editorial
-- -- Enc. en un vol. facticio
Holdings
Estatus retirado Estado de pérdida Estado de daño No para préstamo Colección Biblioteca de origen Biblioteca actual Ubicación en estantería Fecha de adquisición Total de préstamos Signatura topográfica completa Código de barras Visto por última vez Precio de reemplazo Tipo de ítem Koha
        Colección de folletos Biblioteca del Ateneo de Madrid Biblioteca del Ateneo de Madrid Depósito folletos 17/01/2008   T-1013-F-4 1162312 23/02/2023 23/02/2023 Folleto